Who Dies? - Sudden Death - The Hunger Games - Statistics

General Stats
  • This quiz has been taken 135 times
  • The average score is 8 of 12
Answers on the Grid
Answers color-coded by a green-red scale on the quiz's grid according to % correct below.
Primrose Everdeen
Katniss Everdeen
Peeta Mellark
Clove
Pollux
Finnick Odair
President Snow
Caesar Flickerman
Rue
Annie Cresta
Cato
Wiress
Johanna Mason
Marvel
Mags
Effie Trinket
Boggs
Castor
Haymitch Abernathy
Thresh
 
Answer Stats
Answer % Correct
Primrose Everdeen
92%
Clove
85%
President Snow
74%
Finnick Odair
72%
Rue
67%
Cato
66%
Thresh
65%
Wiress
61%
Mags
59%
Marvel
58%
Boggs
52%
Castor
44%
No matching quizzes found
Score Distribution
Percent of People with Each Score
Percentile by Number Answered
Your Score History
You have not taken this quiz